गाँवो में रोजगार के साधन / (Record no. 63348)

MARC details
000 -LEADER
fixed length control field 01249nam a22002537a 4500
005 - DATE AND TIME OF LATEST TRANSACTION
control field 20180531171515.0
008 - FIXED-LENGTH DATA ELEMENTS--GENERAL INFORMATION
fixed length control field 101019t xxu||||| |||| 00| 0 hin d
010 ## - LCCN (DPL NO)
LC control number HIN-95560 राष्ट्रपति-2 B-694109
020 ## - INTERNATIONAL STANDARD BOOK NUMBER
Terms of availability 100.00
International Standard Book Number 9789380260037
035 ## - SYSTEM CONTROL NUMBER
System control number HN-67906
035 ## - SYSTEM CONTROL NUMBER
System control number B-694109
037 ## - SOURCE OF ACQUISITION
Source of stock number/acquisition DBAD / PUB
037 ## - SOURCE OF ACQUISITION
Source of stock number/acquisition किताबघर
040 ## - CATALOGING SOURCE
Original cataloging agency DPL
Language of cataloging HN
082 ## - DEWEY DECIMAL CLASSIFICATION NUMBER
Classification number 307.762
100 ## - MAIN ENTRY--PERSONAL NAME
9 (RLIN) 23632
Personal name तिवारी,विनोद कुमार
245 ## - TITLE STATEMENT
Title गाँवो में रोजगार के साधन /
Remainder of title विनोद कुमार तिवारी
260 ## - PUBLICATION, DISTRIBUTION, ETC. (IMPRINT)
Place of publication, distribution, etc दिल्ली
Name of publisher, distributor, etc विकास पेपर
Date of publication, distribution, etc 2012
-- 2015(राष्ट्रपति-2)
270 ## - ADDRESS
City दिल्ली
Address 1X-221, मेन रोड़ गांधीनगर
Postal code 110031
300 1# - PHYSICAL DESCRIPTION
Extent 76पृ.
Dimensions 22सेमी (सजिल्द)
500 ## - GENERAL NOTE
General note राष्ट्रपति-2
942 ## - ADDED ENTRY ELEMENTS (KOHA)
Source of classification or shelving scheme Dewey Decimal Classification
Item type Hindi Books
Call number suffix तिवारी
Classification part 307.762
Holdings
Withdrawn status Lost status Source of classification or shelving scheme Damaged status Not for loan Collection code Home library Current library Date acquired Source of acquisition Cost, normal purchase price Total Checkouts Full call number Barcode Date last seen Copy number Cost, replacement price Koha item type Public note
    Dewey Decimal Classification   Not For Loan Non-fiction D.B.Act.Division D.B.Act.Division 23/02/2012 DBAD/PUB 100.00   307.762 तिवारी HN-67906 23/02/2012 1 100.00 Hindi Books  
    Dewey Decimal Classification     Non-fiction Mobile Library Mobile Library 31/05/2018 किताबघर BL-25609/30.5.18/459/30.5.18/31.5.18 150.00   307.762 तिवारी B-694109 31/05/2018 1 150.00 Hindi Books राष्ट्रपति भवन-2

© Delhi Public Library
Hit Counter
free hit counter